|
|
|
|
| LEADER |
00000cas a2200000 c 4500 |
| 001 |
228222826 |
| 003 |
DE-627 |
| 005 |
20250604141747.0 |
| 007 |
tu |
| 008 |
970605d19521966gw z| p| 0 |0ger c |
| 016 |
7 |
|
|a 01877735X
|2 DE-101
|
| 016 |
7 |
|
|a 1382277-9
|2 DE-600
|
| 035 |
|
|
|a (DE-627)228222826
|
| 035 |
|
|
|a (DE-576)034093788
|
| 035 |
|
|
|a (DE-599)ZDB1382277-9
|
| 035 |
|
|
|a (OCoLC)1367891603
|
| 040 |
|
|
|a DE-627
|b ger
|c DE-627
|e rakwb
|
| 041 |
|
|
|a ger
|
| 044 |
|
|
|c XA-DE
|
| 082 |
0 |
4 |
|a 700
|a 730
|a 740
|a 750
|a 760
|q DE-101
|
| 082 |
0 |
4 |
|a 700
|q DE-600
|
| 084 |
|
|
|a 06.21
|2 bkl
|
| 110 |
2 |
|
|e VerfasserIn
|0 (DE-588)2013183-5
|0 (DE-627)101786581
|0 (DE-576)191676098
|4 aut
|a Höhere Fachschule für das Graphische Gewerbe
|
| 245 |
1 |
0 |
|a Druck der Höheren Fachschule für das Graphische Gewerbe
|
| 264 |
3 |
1 |
|a Stuttgart
|b Höhere Fachschule für das Graphische Gewerbe
|c 1952-1966
|
| 336 |
|
|
|a Text
|b txt
|2 rdacontent
|
| 337 |
|
|
|a ohne Hilfsmittel zu benutzen
|b n
|2 rdamedia
|
| 338 |
|
|
|a Band
|b nc
|2 rdacarrier
|
| 362 |
0 |
|
|a 1.1952 - 19.1966
|
| 363 |
0 |
0 |
|a 1
|i 1952
|
| 363 |
1 |
0 |
|a 19
|i 1966
|
| 601 |
|
|
|a Fachschule
|
| 655 |
|
7 |
|a Zeitschrift
|0 (DE-588)4067488-5
|0 (DE-627)10454466X
|0 (DE-576)20917000X
|2 gnd-content
|
| 787 |
0 |
8 |
|i 1=1952; 3=1953; 4=1954; 6=1955; 7=1956; 8=1957; 9=1958; 10=1959; 12=1960; 13=1961; 15=1962; 16=1963; 17=1964; 18=1965; 19=1966 von
|a Höhere Fachschule für das Graphische Gewerbe
|t Jahresgabe / Höhere Fachschule für das Graphische Gewerbe, Stuttgart
|d Stuttgart : Höhere Fachschule für das Graphische Gewerbe, 1952
|w (DE-627)166544728
|w (DE-600)219028-X
|w (DE-576)015002020
|x 0562-4436
|
| 889 |
|
|
|w (DE-603)184432596
|
| 889 |
|
|
|w (DE-576)279659741
|
| 935 |
|
|
|a mteo
|a JALB
|
| 935 |
|
|
|i sdedup20221015
|
| 936 |
b |
k |
|a 06.21
|j Buchgeschichte
|q ARK
|0 (DE-627)106403605
|
| 951 |
|
|
|a JT
|
| ELC |
|
|
|b 1
|
| ITA |
|
|
|a 1
|t 1
|
| LOK |
|
|
|0 000 xxxxxcx a22 zn 4500
|
| LOK |
|
|
|0 001 2210177588
|
| LOK |
|
|
|0 003 DE-627
|
| LOK |
|
|
|0 004 228222826
|
| LOK |
|
|
|0 005 20001222000000
|
| LOK |
|
|
|0 008 001222||||||||||||||||ger|||||||
|
| LOK |
|
|
|0 040
|a DE-21
|c DE-627
|d DE-21
|
| LOK |
|
|
|0 852
|a DE-21
|
| LOK |
|
|
|0 852 1
|9 00
|
| LOK |
|
|
|0 935
|a konv
|
| LOK |
|
|
|0 939
|a 22-12-00
|b l01
|
| LOK |
|
|
|0 000 xxxxxcx a22 zn 4500
|
| LOK |
|
|
|0 001 2210177596
|
| LOK |
|
|
|0 003 DE-627
|
| LOK |
|
|
|0 004 228222826
|
| LOK |
|
|
|0 005 19981215000000
|
| LOK |
|
|
|0 008 981215||||||||||||||||ger|||||||
|
| LOK |
|
|
|0 040
|a DE-21-31
|c DE-627
|d DE-21-31
|
| LOK |
|
|
|0 852
|a DE-21-31
|
| LOK |
|
|
|0 852 1
|c Einzelsignatur
|m p
|9 00
|
| LOK |
|
|
|0 938
|k p
|
| LOK |
|
|
|0 939
|a 15-12-98
|b l01
|
| LOK |
|
|
|0 000 xxxxxcx a22 zn 4500
|
| LOK |
|
|
|0 001 2693019680
|
| LOK |
|
|
|0 003 DE-627
|
| LOK |
|
|
|0 004 228222826
|
| LOK |
|
|
|0 005 20111021080020
|
| LOK |
|
|
|0 008 111021||||||||||||||||ger|||||||
|
| LOK |
|
|
|0 040
|a DE-21-53
|c DE-627
|d DE-21-53
|
| LOK |
|
|
|0 852
|a DE-21-53
|
| LOK |
|
|
|0 852 1
|m p
|9 00
|
| LOK |
|
|
|0 935
|a k053
|a i053
|
| LOK |
|
|
|0 938
|k p
|
| LOK |
|
|
|0 939
|a 21-10-11
|b l01
|
| LOK |
|
|
|0 000 xxxxxcx a22 zn 4500
|
| LOK |
|
|
|0 001 301602179X
|
| LOK |
|
|
|0 003 DE-627
|
| LOK |
|
|
|0 004 228222826
|
| LOK |
|
|
|0 005 20180703145446
|
| LOK |
|
|
|0 008 180703||||||||||||||||ger|||||||
|
| LOK |
|
|
|0 040
|a DE-21-22
|c DE-627
|d DE-21-22
|
| LOK |
|
|
|0 852
|a DE-21-22
|
| LOK |
|
|
|0 852 1
|m p
|9 00
|
| LOK |
|
|
|0 935
|a k022
|
| LOK |
|
|
|0 938
|k p
|
| LOK |
|
|
|0 939
|a 03-07-18
|b l01
|
| LOK |
|
|
|0 000 xxxxxcx a22 zn 4500
|
| LOK |
|
|
|0 001 4144959856
|
| LOK |
|
|
|0 003 DE-627
|
| LOK |
|
|
|0 004 228222826
|
| LOK |
|
|
|0 005 20220608093522
|
| LOK |
|
|
|0 008 220608||||||||||||||||ger|||||||
|
| LOK |
|
|
|0 040
|a DE-21-108
|c DE-627
|d DE-21-108
|
| LOK |
|
|
|0 092
|o l
|
| LOK |
|
|
|0 852
|a DE-21-108
|
| LOK |
|
|
|0 852 1
|m p
|9 00
|
| LOK |
|
|
|0 938
|k p
|
| LOK |
|
|
|0 939
|a 08-06-22
|b l02
|
| LOK |
|
|
|0 000 xxxxxcx a22 zn 4500
|
| LOK |
|
|
|0 001 4579103513
|
| LOK |
|
|
|0 003 DE-627
|
| LOK |
|
|
|0 004 228222826
|
| LOK |
|
|
|0 005 20240912111734
|
| LOK |
|
|
|0 008 240912||||||||||||||||ger|||||||
|
| LOK |
|
|
|0 040
|a DE-Tue135
|c DE-627
|d DE-Tue135
|
| LOK |
|
|
|0 092
|o n
|
| LOK |
|
|
|0 852
|a DE-Tue135
|
| LOK |
|
|
|0 852 1
|9 00
|
| LOK |
|
|
|0 935
|a JALB
|
| LOK |
|
|
|0 939
|a 12-09-24
|b l01
|
| ORI |
|
|
|a SA-MARC-ixtheoa001.raw
|
| REL |
|
|
|a 1
|
| SPR |
|
|
|a 1
|t BIB
|t IXT
|t REL
|
| SUB |
|
|
|a REL
|